Sanat - "Samaa taivasta katsotaan" - Portion Boys - Statistics

Yleistilastot
  • Tätä visaa on pelattu 106 kertaa
  • Keskiarvotulos 114 / 174
Vastaustilastot
Vastaus % Oikein
me
94%
samaa
94%
Kimi
92%
Räikkösen
92%
taivasta
92%
katsotaan
91%
Formula
85%
formula
85%
tiedät
85%
ei
83%
ja
83%
se
83%
voitti
83%
ykkösen
83%
kuljetaan
79%
eikä
77%
eri
77%
Eurooppaa
77%
niin
77%
ollaan
77%
paljon
77%
vaikka
77%
nöyrinä
74%
maassa
72%
meidän
72%
Mut
70%
mut
70%
puolilta
70%
Ranskassa
70%
pastaa
66%
polkuja
66%
Saksassa
64%
elämäsi
62%
kukkoa
62%
muistetaan
62%
parempi
62%
puhellakaan
62%
sanotaa
62%
ich
60%
saapasmaassa
60%
saat
60%
viinissä
60%
dich
57%
fiinissä
55%
Hollannissa
55%
on
55%
Ruotsi
55%
Sveitsissä
55%
jumalainen
53%
liebe
53%
seurassa
53%
aina
51%
kun
51%
taistellaan
51%
vastaan
51%
Briteissä
49%
maistellaan
49%
teetä
49%
periksi
47%
tuulimyllyi
47%
vähän
47%
kukkulat
45%
ollu
45%
sisu
45%
tullaan
45%
Absoluuttinen
43%
anna
43%
Bukarest
43%
kai
43%
krapula
43%
kuljetaankin
43%
kuumia
43%
nollapiste
43%
Kreikassa
42%
lähteitä
42%
mesta
42%
mitkä
42%
Mozartti
42%
oi
42%
Suomesta
42%
hukkuvat
40%
Islannissa
40%
Itävallassa
40%
naapuri
40%
parempikin
40%
coolia
38%
Dracula
38%
Espanjan
38%
kertoo
38%
murheetkin
38%
Akropolis
36%
mahtavin
36%
perästä
36%
Sunny
36%
tajuttomii
36%
Beachin
34%
Euroopasta
32%
löytyisköhän
32%
turisteilla
32%
Sangriaan
28%
Appenzelleri
26%
Budabest
26%
Pusta
21%
Ehtoja vastaavia visoja ei löytynyt
Tulosjakauma
Jokaisen tuloksen saaneiden osuus
Persentiili vastausten määrän mukaan
Tuloshistoriasi
Et ole pelannut tätä visaa